Un mundo feliz / (Registro nro. 7518)

Detalles MARC
000 -LIDER
fixed length control field 01276cam a2200385 a 4500
001 - NÚMERO DE CONTROL
Identificador de número de control 000020111
003 - IDENTIFICACDOR DE NÚMERO DE CONTROL
control field DO-SdBNP
005 - DATE AND TIME OF LATEST TRANSACTION
control field 20170927082417.0
007 - CAMPOS FIJOS DE DESCRIPCIÓN FÍSICA
fixed length control field 000020111
008 - ELEMENTOS DE LONGITUD FIJA
fixed length control field 700702s2000 sp 000 f spa d
020 ## - ISBN
International Standard Book Number 8481301213
040 ## - FUENTE DE CATALOGACIÓN
Agencia que crea de manera original el registro BPMSU
Agencia que realiza la transcripción spa
Agencia que realiza la modificación BPMSU
041 17 - CÓDIGOS DE OBRAS TRADUCIDAS O EN VARIOS IDIOMAS
Código del idioma del texto/archivo de sonido o separata spa
082 04 - NÚMERO DE CLASIFICACIÓN DECIMAL DE DEWEY
Classification number 823.912
Item number H986m
100 1# - ASIENTO PRINCIPAL -- NOMBRE PERSONAL
Nombre personal Huxley, Aldous,
Fechas asociadas con el nombre 1894-1963
240 10 - TITULO UNIFORME
Título uniforme Brave new world.
Idioma de una obra Español
245 13 - MENCIÓN DE TITULO
Título Un mundo feliz /
Mención de responsabilidad Aldous Huxley ; traducción de Ramón Hernández.
260 ## - PUBLICACIÓN, DISTRIBUCIÓN, ETC. (PIE DE IMPRENTA)
Lugar de publicación, distribución, etc Santo Domingo :
Nombre del editor, distribuidor, etc. El Siglo,
Fecha de publicación, distribución, etc 2000.
300 ## - DESCRIPCIÓN FÍSICA
Extensión 286 p. ;
Dimensiones 21 cm.
490 1# - MENCIÓN DE SERIES
Mención de serie Millenium, las 100 joyas del milenio ;
Volume/sequential designation 19
534 ## - NOTA SOBRE LA VERSIÓN ORIGINAL
Asiento principal del original Título original: Brave new world.
650 #4 - ENCABEZAMIENTO DE MATERIA--TEMÁTICO
Término temático o nombre geográfico como elemento de entrada NOVELA INGLESA
650 #4 - ENCABEZAMIENTO DE MATERIA--TEMÁTICO
Término temático o nombre geográfico como elemento de entrada LITERATURA INGLESA
700 1# - ASIENTO SECUNDARIO -- NOMBRE PERSONAL
Nombre personal Hernández, Ramón,
Mención de responsabilidad tr.
830 #0 - ASIENTO SECUNDARIO DE SERIE--TÍTULO UNIFORME
Título uniforme Millenium, las 100 joyas del milenio ;
Volume number/sequential designation 19
910 ## - VALIDACIÓN
Validación Validado. Control de calidad MFF
930 #1 - EQUIVALENCE OR CROSS-REFERENCE-UNIFORM TITLE HEADING [LOCAL, CANADA]
Language of a work BND01
Medium of performance for music LF1
Field link and sequence number 20150213
Date of a work 01
Name of part/section of a work OI
Miscellaneous information 47057
930 #1 - EQUIVALENCE OR CROSS-REFERENCE-UNIFORM TITLE HEADING [LOCAL, CANADA]
Language of a work BND01
Medium of performance for music LF1
Medium 823.912
Field link and sequence number 20100721
Date of a work 01
Name of part/section of a work HD
Medium e.2
930 #1 - EQUIVALENCE OR CROSS-REFERENCE-UNIFORM TITLE HEADING [LOCAL, CANADA]
Language of a work BND01
Medium of performance for music LF1
Medium 823.912
Field link and sequence number 20100721
Date of a work 04
Name of part/section of a work HD
Medium e.3
930 #1 - EQUIVALENCE OR CROSS-REFERENCE-UNIFORM TITLE HEADING [LOCAL, CANADA]
Language of a work BND01
Medium of performance for music LF1
Medium 823.912
Field link and sequence number 20100721
Date of a work 04
Name of part/section of a work HD
Medium e.4
942 ## - ADDED ENTRY ELEMENTS (KOHA)
Source of classification or shelving scheme Dewey Decimal Classification
Koha item type Libros
945 ## - INFORMACIÓN DE PROCESAMIENTO LOCAL
Información de procesamiento local Inventariado, 2017/MFF
956 ## - LOCAL ELECTRONIC LOCATION AND ACCESS (OCLC)
Nombre de host VMATEO
Número de acceso 10
Información de compresión 20150226
Procesador de solicitud 00151
956 ## - LOCAL ELECTRONIC LOCATION AND ACCESS (OCLC)
Nombre de host Validado. Control de calidad MFF
Existencias
Withdrawn status Lost status Source of classification or shelving scheme Damaged status Not for loan Collection code Home library Current library Date acquired Total Checkouts Full call number Barcode Date last seen Price effective from Koha item type Copy number
    Dewey Decimal Classification     Colección Dominicana Biblioteca Pública Metropolitana Salomé Ureña Biblioteca Pública Metropolitana Salomé Ureña 02/26/2015   823.912 H986m BPMSU15040196 02/26/2015 02/26/2015 Libros  
    Dewey Decimal Classification     Colección Dominicana Biblioteca Pública Metropolitana Salomé Ureña Biblioteca Pública Metropolitana Salomé Ureña 02/26/2015   823.912 H986m BPMSU15040197 02/26/2015 02/26/2015 Libros ej. 2
    Dewey Decimal Classification     Colección Dominicana Biblioteca Pública Metropolitana Salomé Ureña Biblioteca Pública Metropolitana Salomé Ureña 02/26/2015   823.912 H986m BPMSU15040198 02/26/2015 02/26/2015 Libros ej. 3
    Dewey Decimal Classification     Colección Dominicana Biblioteca Pública Metropolitana Salomé Ureña Biblioteca Pública Metropolitana Salomé Ureña 02/26/2015   823.912 H986m BPMSU15040199 02/26/2015 02/26/2015 Libros ej. 4
    Dewey Decimal Classification     Colección Dominicana Biblioteca Pública Metropolitana Salomé Ureña Biblioteca Pública Metropolitana Salomé Ureña 02/26/2015   823.912 H986m BPMSU15040200 02/26/2015 02/26/2015 Libros ej. 5